LEADER 01711nas 2200541- 450 001 996199336103316 005 20230327212217.0 011 $a1878-9722 035 $a(OCoLC)701805796 035 $a(CKB)2670000000046610 035 $a(CONSER)--2017268534 035 $a(EXLCZ)992670000000046610 100 $a20110131a20109999 --- a 101 0 $aeng 135 $aurmnu|||||||| 181 $ctxt$2rdacontent 182 $cc$2rdamedia 183 $acr$2rdacarrier 200 00$aPragmatics and society 210 1$aAmsterdam :$cJohn Benjamins Publishing Company,$d2010- 215 $a1 online resource 300 $aRefereed/Peer-reviewed 311 $aPragmatics and society (impreso) 1878-9714 531 $aPRAGMAT. SOC 531 $aPRAGMAT SOC 606 $aSociolinguistics$vPeriodicals 606 $aPragmatics$vPeriodicals 606 $aLinguistics$vPeriodicals 606 $aSociolinguística$vPublicaciones periódicas electrónicas$2embus 606 $aLinguística$vPublicaciones periódicas electrónicas$2embus 606 $aPragmática$vPublicaciones periódicas electrónicas$2embus 606 $aSociolinguistics$2fast$3(OCoLC)fst01123847 606 $aLinguistics$2fast$3(OCoLC)fst00999202 606 $aPragmatics$2fast$3(OCoLC)fst01074579 608 $aPeriodicals.$2fast 615 0$aSociolinguistics 615 0$aPragmatics 615 0$aLinguistics 615 7$aSociolinguística 615 7$aLinguística 615 7$aPragmática 615 7$aSociolinguistics. 615 7$aLinguistics. 615 7$aPragmatics. 906 $aJOURNAL 912 $a996199336103316 996 $aPragmatics and society$92024735 997 $aUNISA LEADER 01519nam0 2200373 i 450 001 VEA0047777 005 20251003044438.0 010 $a8820480492 020 $aIT$b94-486 100 $a20130827d1993 ||||0itac50 ba 101 | $aita 102 $ait 181 1$6z01$ai $bxxxe 182 1$6z01$an 183 1$6z01$anc$2RDAcarrier 200 1 $aStoria, città e territorio$fLando Bortolotti 205 $aNuova ed. aggiornata 210 $aMilano$cF. Angeli$d1993 215 $a239 p.$d22 cm. 225 | $aCollana di storia urbana$v1 410 0$1001CFI0099322$12001 $aCollana di storia urbana$v1 676 $a307.7609$9COMUNITA URBANE. Storia, geografia, persone$v21 676 $a711$9URBANISTICA (PIANIFICAZIONE TERRITORIALE)$v21 676 $a945$9STORIA. ITALIA$v21 676 $a945$9STORIA. ITALIA$v23 700 1$aBortolotti$b, Lando$3CFIV092431$4070$034301 801 3$aIT$bIT-000000$c20130827 850 $aIT-BN0095 901 $bNAP 01$cPOZZO LIB.$nVi sono collocati fondi di economia, periodici di ingegneria e scienze, periodici di economia e statistica e altri fondi comprendenti documenti di economia pervenuti in dono. 912 $aVEA0047777 950 0$aBiblioteca Centralizzata di Ateneo$c1 v.$d 01POZZO LIB.ECON MON 6425$e 0101 0700135435E VMA 1 v. ( Precedente collocazione 13 Ec 543)$fB $h20220714$i20220714 977 $a 01 996 $aStoria, città e territorio$981229 997 $aUNISANNIO